Derby Piłkarskie Miast - Statystyki

Ogólne statystyki
  • Ten quiz został rozwiązany 130 razy
  • Średni wynik to 5 z 18
Statystyki odpowiedzi
Miasto Kluby % Poprawnych
Kraków Wisła-Cracovia
95%
Madryt Real-Atletico
89%
Rzym Lazio-Roma
70%
Mediolan Milan-Inter
57%
Liverpool Everton-Liverpool
50%
Lizbona Benfica-Sporting
23%
Manchester Manchester United-Manchester City
21%
Glasgow Celtic-Rangers
20%
Berlin Hertha-Union
17%
Buenos Aires Boca Juniors-River Plate
5%
Rotterdam Feyenoord-Sparta
5%
Stambuł Galatasaray-Fenerbahce-Besiktas
2%
Londyn Chelsea-Tottenham-Arsenal-Crystal Palace-West Ham United-Fulham
0%
Sao Paulo Corinthians-Palmeiras
0%
Moskwa CSKA-Spartak-Dynamo-Lokomotiw
0%
Belgrad Partizan-Crvene Zvezda
0%
Praga Sparta-Slavia-Bohemians
0%
Donieck Szachtar-Olimpik
0%
Nie znaleziono quizów pasujących do podanych kryteriów
Rozkład punktacji
Procent ludzi z każdym wynikiem
Percentyl według liczby udzielonych odpowiedzi
Twoja historia wyników
Nie rozwiązałeś tego quizu